000 01269nam0a2200313 4500
001 RU\NLR\bibl\451375
005 20250623181720.0
010 _a5-7458-0909-4
_9500
021 _aRU
_b2003-36058
_91711
035 _a(NLR Aleph) 000445006
090 _a837925
_c837925
100 _a20031025d2002 |||y0rusy50 ca
101 0 _arus
102 _aRU
105 _aa |||||||||
200 1 _aВсеобщая экономическая система: сущность, методология исследования и характер развития
_fС.Н. Гапонова
_gПод ред. засл. деят. науки РФ, акад. Куликова В.В.
210 _aВоронеж
_cЦентр.-Чернозем. кн. изд-во
_d2002
215 _a215,[1] с.
_cил.
_d21
320 _aБиблиогр.: с. 197-215 (307 назв.) и в конце гл.
606 0 _aЭкономические системы
_xТеория
_92093998
_3RU\NLR\auth\661267154
686 _aУ010
686 _aУ010.5
700 1 _aГапонова
_bС. Н.
_gСветлана Николаевна
_4070
801 0 _aRU
_bNLR
_c20031025
_gPSBO
801 1 _aRU
_bNLR
_c20031025
830 _aАвт. по кн.
942 _cBOOK
980 _aNB